000 00984cab a22001935a 4500
001 L154825
008 120123e20120113xxk 000 0 eng d
035 _a(Sirsi) u154825
041 0 _aeng
110 2 _aProperty Week
_91549
245 0 0 _aDemand is there but what about the debt?
260 _v2012
490 0 _aProperty Week
_v78(02) 13 January 2012, 32(1)
520 _aCushman & Wakefield's UK investment market briefing for December 2011 shows prime yields closing the year averaging 5.73%, only four basis points higher than at the beginning of the year. By sector retail has lost the most ground since the onset of the Eurozone crisis. Debt is not getting easier or cheaper to obtain; debt for secondary property is particularly hard to find. Tables cover prime property comparative yields 2007 to December 2011 and prime property yields by decades from the 1950s.
590 _aKA
651 4 _aUnited Kingdom
_y
690 _aCommercial property
_96227
942 _n0
999 _c83719
_d83719